A manifesto for construction (Record no. 84569)
[ view plain ]
| 000 -LEADER | |
|---|---|
| fixed length control field | 00570cab a22001695a 4500 |
| 001 - CONTROL NUMBER | |
| control field | L158339 |
| 008 - FIXED-LENGTH DATA ELEMENTS--GENERAL INFORMATION | |
| fixed length control field | 150113e2015 xxk 000 0 eng d |
| 035 ## - SYSTEM CONTROL NUMBER | |
| System control number | (Sirsi) u158339 |
| 041 0# - LANGUAGE CODE | |
| Language code of text/sound track or separate title | eng |
| 100 1# - MAIN ENTRY--PERSONAL NAME | |
| Personal name | Gardiner, Joey |
| 245 02 - TITLE STATEMENT | |
| Title | A manifesto for construction |
| 260 ## - PUBLICATION, DISTRIBUTION, ETC. | |
| Place of publication, distribution, etc. | (Building ; (280 9 January 2015, 20-23 (4)) |
| 520 ## - SUMMARY, ETC. | |
| Summary, etc. | Building journal manifesto ahead of the 2015 election indicating what they believe needs to happen for the construction industry to thrive. |
| 651 #4 - SUBJECT ADDED ENTRY--GEOGRAPHIC NAME | |
| Geographic name | United Kingdom |
| Chronological subdivision | |
| 690 ## - LOCAL SUBJECT ADDED ENTRY--TOPICAL TERM (OCLC, RLIN) | |
| Topical term or geographic name as entry element | Planning and development |
| 9 (RLIN) | 6259 |
| 942 ## - ADDED ENTRY ELEMENTS (KOHA) | |
| Suppress in OPAC | 0 |
| Withdrawn status | Lost status | Source of classification or shelving scheme | Damaged status | Not for loan | Home library | Current library | Shelving location | Date acquired | Total Checkouts | Full call number | Barcode | Date last seen | Copy number | Price effective from | Koha item type |
|---|---|---|---|---|---|---|---|---|---|---|---|---|---|---|---|
| Dewey Decimal Classification | London | London | Journals | 13/01/2015 | L158339 | 158339-1001 | 06/08/2019 | 1 | 06/08/2019 | Journal article |